Prezentácia účtovnej závierky podľa IFRS pre malé a stredné podniky porovnateľné informácie

Spôsob prezentácie porovnateľných informácií, významnosť a aký vplyv môže mať neúmyselné alebo úmyselné vynechanie informácii na verné zobrazenie účtovnej závierky.

Gespeichert in:
Bibliographische Detailangaben
1. Verfasser: Ješš, Michal, 1986-
Format: Buchkapitel
Sprache:Slowakisch
Schlagworte:
Tags: Tag hinzufügen
Keine Tags, Fügen Sie das erste Tag hinzu!

MARC

LEADER 00000nla a2200000 4500
001 0160589
005 20240502072802.9
041 0 |a slo 
044 |a SK 
245 1 0 |a Prezentácia účtovnej závierky podľa IFRS pre malé a stredné podniky  |b porovnateľné informácie  |c Michal Ješš 
520 |a Spôsob prezentácie porovnateľných informácií, významnosť a aký vplyv môže mať neúmyselné alebo úmyselné vynechanie informácii na verné zobrazenie účtovnej závierky. 
610 2 0 |a účtovníctvo 
610 2 0 |a pravidlá účtovné 
610 2 0 |a informácie účtovné 
610 2 0 |a závierka účtovná 
610 2 0 |a IFRS 
610 2 0 |a podnik malý 
610 2 0 |a podnik stredný 
100 1 |a Ješš, Michal, 1986-